Dictionary of Environmental Science. (Record no. 10381)

MARC details
000 -LEADER
fixed length control field 01354cam a22003254a 4500
090 ## - LOCALLY ASSIGNED LC-TYPE CALL NUMBER (OCLC); LOCAL CALL NUMBER (OCLC)
-- 0
001 - CONTROL NUMBER
control field 13164305
005 - DATE AND TIME OF LATEST TRANSACTION
control field 20080425091415.0
008 - FIXED-LENGTH DATA ELEMENTS--GENERAL INFORMATION
fixed length control field 030416s2003 nyua d 000 0 eng
010 ## - LIBRARY OF CONGRESS CONTROL NUMBER
LC control number 2003051208
020 ## - INTERNATIONAL STANDARD BOOK NUMBER
International Standard Book Number 0071421777 (pbk.)
035 ## - SYSTEM CONTROL NUMBER
System control number (OCoLC)ocm52092111
040 ## - CATALOGING SOURCE
Original cataloging agency DLC
Transcribing agency DLC
Modifying agency C#P
-- DLC
042 ## - AUTHENTICATION CODE
Authentication code pcc
050 00 - LIBRARY OF CONGRESS CALL NUMBER
Classification number GE10
Item number .M378 2003
082 00 - DEWEY DECIMAL CLASSIFICATION NUMBER
Classification number 628
Edition number 21
Item number DIC
245 00 - TITLE STATEMENT
Title Dictionary of Environmental Science.
246 30 - VARYING FORM OF TITLE
Title proper/short title Dictionary of environmental science
260 ## - PUBLICATION, DISTRIBUTION, ETC. (IMPRINT)
Place of publication, distribution, etc New York :
Name of publisher, distributor, etc McGraw-Hill,
Date of publication, distribution, etc c2003.
300 ## - PHYSICAL DESCRIPTION
Extent xii, 496 p. :
Other physical details ill. ;
Dimensions 22 cm.
500 ## - GENERAL NOTE
General note Includes index.
650 #0 - SUBJECT ADDED ENTRY--TOPICAL TERM
Topical term or geographic name as entry element Environmental sciences
Form subdivision Dictionaries.
856 42 - ELECTRONIC LOCATION AND ACCESS
Materials specified Contributor biographical information
Uniform Resource Identifier <a href="http://www.loc.gov/catdir/bios/mh042/2003051208.html">http://www.loc.gov/catdir/bios/mh042/2003051208.html</a>
856 41 - ELECTRONIC LOCATION AND ACCESS
Materials specified Table of contents
Uniform Resource Identifier <a href="http://www.loc.gov/catdir/toc/mh031/2003051208.html">http://www.loc.gov/catdir/toc/mh031/2003051208.html</a>
856 42 - ELECTRONIC LOCATION AND ACCESS
Materials specified Publisher description
Uniform Resource Identifier <a href="http://www.loc.gov/catdir/enhancements/fy0704/2003051208-d.html">http://www.loc.gov/catdir/enhancements/fy0704/2003051208-d.html</a>
942 ## - ADDED ENTRY ELEMENTS (KOHA)
Source of classification or shelving scheme Dewey Decimal Classification
Item type Book - Borrowing
Holdings
Withdrawn status Item status Source of classification or shelving scheme Damaged status Not for loan Vendor Home library Current library Shelving location Date acquired Source of acquisition Cost, normal purchase price Serial Enumeration / chronology Total Checkouts Full call number Barcode Date last seen Koha item type
    Dewey Decimal Classification     Alahram Central Library Central Library First floor 24/01/2009   149.70 6400   628 DIC 000015058 15/07/2025 Book - Borrowing